LIBRARY & INFORMATION CENTRE, KCAET, TAVANUR

ONLINE PUBLIC ACCESS CATALOGUE (OPAC)

Pazhanchol prapancham / (Record no. 6111)

MARC details
000 -LEADER
fixed length control field 00405cam a2200169ua 4500
041 ## - LANGUAGE CODE
Language code of text/sound track or separate title mal
082 ## - DEWEY DECIMAL CLASSIFICATION NUMBER
Classification number 398.9
Item number KAR/PA
100 ## - MAIN ENTRY--AUTHOR NAME
Personal name Karth, P C .
245 ## - TITLE STATEMENT
Title Pazhanchol prapancham /
260 ## - PUBLICATION, DISTRIBUTION, ETC. (IMPRINT)
Place of publication Kottayam :
Name of publisher National Book Stall ,
Year of publication 1966.
300 ## - PHYSICAL DESCRIPTION
Number of Pages 759 ; .
942 ## - ADDED ENTRY ELEMENTS (KOHA)
Koha item type Books
Holdings
Withdrawn status Lost status Damaged status Home library Current library Date acquired Full call number Accession Number Koha item type Public note
Withdrawn     KAUAET Malayalam University 07/04/2012 398.9 8443 Books Transferred to Malayalam University
free website counter